Effect of protein content rate in formulated feeds on trichogaster pectoralis fry nursing in hapas, ឥទ្ធពលនៃការប្រើប្រាស់ចំណីផ្សំដែលមានកំរិតប្រូតេអ៊ីនខុសៗគ្នាទៅលើកាតផ្សាំកូនត្រីកន្ធរក្នុងប៉ាហា (Record no. 3847)

000 -LEADER
fixed length control field 00734nam a22001577a 4500
003 - CONTROL NUMBER IDENTIFIER
control field OSt
005 - DATE AND TIME OF LATEST TRANSACTION
control field 20151202135427.0
008 - FIXED-LENGTH DATA ELEMENTS--GENERAL INFORMATION
fixed length control field 151202b xxu||||| |||| 00| 0 eng d
040 ## - CATALOGING SOURCE
Transcribing agency RUA
082 ## - DEWEY DECIMAL CLASSIFICATION NUMBER
Classification number FIS SAO 2002 B173 Or.1
100 ## - MAIN ENTRY--PERSONAL NAME
9 (RLIN) 4134
Personal name SAO, PHARA.
245 ## - TITLE STATEMENT
Title Effect of protein content rate in formulated feeds on trichogaster pectoralis fry nursing in hapas, ឥទ្ធពលនៃការប្រើប្រាស់ចំណីផ្សំដែលមានកំរិតប្រូតេអ៊ីនខុសៗគ្នាទៅលើកាតផ្សាំកូនត្រីកន្ធរក្នុងប៉ាហា
260 ## - PUBLICATION, DISTRIBUTION, ETC. (IMPRINT)
Place of publication, distribution, etc. Phnom Penh
Name of publisher, distributor, etc. RUA
Date of publication, distribution, etc. 2002
300 ## - PHYSICAL DESCRIPTION
Extent 50p.
Other physical details ill.
Dimensions 29cm.
942 ## - ADDED ENTRY ELEMENTS (KOHA)
Source of classification or shelving scheme
Koha item type FIS
Holdings
Price effective from Date last seen Permanent Location Not for loan Date acquired Source of classification or shelving scheme Koha item type Barcode Lost status Damaged status Shelving location Withdrawn status Current Location Full call number
2015-12-022015-12-02Library Block B 2015-12-02 FISRUA028021  B173 Library Block BFIS SAO 2002 B173 Or.1
2015-12-022015-12-02Library Block B 2015-12-02 FISRUA010752  B173 Library Block BFIS SAO 2002 B173 Or.2
2015-12-022015-12-02Library Block B 2015-12-02 FISRUA010896  B173 Library Block BFIS SAO 2002 B173 Or.3
2015-12-022015-12-02Library Block B 2015-12-02 FISRUA010679  B173 Library Block BFIS SAO 2002 B173 Or.4
2015-12-022015-12-02Library Block B 2015-12-02 FISRUA010508  B173 Library Block BFIS SAO 2002 B173 Or.5
មជ្ឈមណ្ឌលឯការនៃសាកលវិទ្យាល័យភូមិន្ទកសិកម្មចំការដូង

Powered by Koha